|
|
|
|
| LEADER |
01014nab a2200265 i 4500 |
| 001 |
misc61765 |
| 005 |
20230123140023.0 |
| 008 |
220610s1967 hu o 0|| fre d |
| 022 |
|
|
|a 0001-6446
|
| 040 |
|
|
|a SZTE Miscellanea Repozitórium
|b hun
|
| 041 |
|
|
|a fre
|
| 041 |
|
|
|a mon
|
| 100 |
1 |
|
|a Ligeti Lajos
|
| 245 |
1 |
2 |
|a A propos de la version mongole des "Douze actes du Bouddha"
|h [elektronikus dokumentum] /
|c Ligeti Lajos
|
| 260 |
|
|
|c 1967
|
| 300 |
|
|
|a 59-73
|c 24 cm
|
| 300 |
|
|
|a [25] p.
|c 24 cm
|
| 490 |
0 |
|
|a Acta Orientalia Academiae Scientiarum Hungaricae;Acta Orientalia Academiae Scientiarum Hungaricae : a Magyar Tudományos Akadémia orientalisztikai közleményei
|
| 561 |
|
|
|a Németh Gyula hagyaték
|
| 591 |
|
|
|a LOA 2219; NOA 3260
|
| 650 |
|
4 |
|a Bölcsészettudományok
|
| 650 |
|
4 |
|a Nyelvek és irodalom
|
| 695 |
|
|
|a Mongol nyelvemlék - 14. sz., Buddhizmus - mongol irodalom
|
| 700 |
0 |
2 |
|a Čhos-kyi 'od-zer
|
| 856 |
4 |
0 |
|u http://misc.bibl.u-szeged.hu/61765/1/3260_noa_l66.pdf
|z Dokumentum-elérés
|